[Event "ITA-chTA 53rd"]
[Site "Montesilvano"]
[Date "2022.04.22"]
[Round "5.2"]
[White "Passerotti, Pierluigi"]
[Black "Carnicelli, Valerio"]
[Result "0-1"]
[WhiteElo "2121"]
[BlackElo "2293"]
[PlyCount "106"]
[EventDate "2022.04.19"]
[EventType "team-tourn"]
[EventRounds "7"]
[EventCountry "ITA"]
[SourceTitle "CBM 207 Extra"]
[Source "ChessBase"]
[SourceDate "2022.05.31"]
[SourceVersion "1"]
[SourceVersionDate "2022.05.31"]
[SourceQuality "1"]
[WhiteTeam "Savona"]
[BlackTeam "Rome Arrocco"]
[WhiteTeamCountry "ITA"]
[BlackTeamCountry "ITA"]

1. d4 d5 2. Nc3 Nf6 3. f3 e6 4. e4 Bb4 5. e5 Nfd7 6. f4 c5 7. a3 Bxc3+ 8. bxc3 Qc7 9. Nf3 b6 10. a4 Ba6 11. Bxa6 Nxa6 12. 0-0 g6 13. c4 Qc6 14. cxd5 Qxd5 15. Qe2 Nb4 16. c3 Nc6 17. Rd1 cxd4 18. Nxd4 Nxd4 19. Rxd4 Qc6 20. Ba3 Nc5 21. Bxc5 Qxc5 22. Qb5+ Ke7 23. Qxc5+ bxc5 24. Rc4 Rab8 25. Rxc5 Rhd8 26. Ra2 h6 27. Kf2 g5 28. fxg5 hxg5 29. Ke3 Rd7 30. h3 Rb1 31. a5 Kf8 32. a6 Kg7 33. Kf2 Kg6 34. Re2 Ra1 35. Rc6 Rd5 36. Kg3 Rd3+ 37. Kh2 Rd7 38. Rb2 Ra5 39. c4 Rxe5 40. Rb7 Rd2 41. Rcc7 Ree2 42. Rxf7 Rxg2+ 43. Kh1 Rh2+ 44. Kg1 Rdg2+ 45. Kf1 Ra2 46. Rg7+ Kf5 47. Rbf7+ Ke4 48. Kg1 Rhg2+ 49. Kh1 Rg3 50. Rxa7 Rag2 51. h4 Rg1+ 52. Kh2 R3g2+ 53. Kh3 g4+ 0-1

[Event "Arco op-A 39th"]
[Site "Arco"]
[Date "2017.10.11"]
[Round "5"]
[White "Mastroddi, Emiliano"]
[Black "Passerotti, Pierluigi"]
[Result "0-1"]
[WhiteElo "2053"]
[BlackElo "2210"]
[PlyCount "74"]
[EventDate "2017.10.07"]
[EventType "swiss"]
[EventRounds "9"]
[EventCountry "ITA"]
[SourceTitle "CBM 181 Extra"]
[Source "ChessBase"]
[SourceDate "2017.12.12"]
[SourceVersion "1"]
[SourceVersionDate "2017.12.12"]
[SourceQuality "1"]

1. d4 d6 2. e4 Nf6 3. Nc3 g6 4. Nf3 Bg7 5. h3 0-0 6. Be2 a6 7. a4 a5 8. 0-0 Na6 9. Re1 Nb4 10. Bf1 e5 11. Nb5 exd4 12. Nbxd4 Re8 13. c3 Na6 14. Bc4 Nxe4 15. Bxf7+ Kxf7 16. Rxe4 Rxe4 17. Ng5+ Kg8 18. Nxe4 d5 19. Bg5 Qf8 20. Ng3 Qf7 21. Qc2 Bd7 22. Re1 Re8 23. Rxe8+ Bxe8 24. Be3 Nc5 25. b3 Nd7 26. f4 Qe7 27. Qd2 c6 28. f5 Nc5 29. Bg5 Qe5 30. Bf4 Ne4 31. Bxe5 Nxd2 32. Bxg7 Kxg7 33. Kf2 Kf6 34. Ke3 Nb1 35. Kd3 gxf5 36. Ngxf5 c5 37. Kc2 cxd4 0-1

[Event "Arco op-A 39th"]
[Site "Arco"]
[Date "2017.10.10"]
[Round "4"]
[White "Passerotti, Pierluigi"]
[Black "Kasparov, Sergey"]
[Result "0-1"]
[WhiteElo "2210"]
[BlackElo "2450"]
[PlyCount "64"]
[EventDate "2017.10.07"]
[EventType "swiss"]
[EventRounds "9"]
[EventCountry "ITA"]
[SourceTitle "CBM 181 Extra"]
[Source "ChessBase"]
[SourceDate "2017.12.12"]
[SourceVersion "1"]
[SourceVersionDate "2017.12.12"]
[SourceQuality "1"]

1. d4 c5 2. d5 Nf6 3. Nc3 d6 4. e4 g6 5. Bb5+ Bd7 6. a4 Bg7 7. Nf3 Bxb5 8. axb5 Nbd7 9. 0-0 0-0 10. Nd2 Nb6 11. Qe2 Ne8 12. Na4 Nxa4 13. Rxa4 Nc7 14. Nf3 Qd7 15. c4 a6 16. Bg5 h6 17. Be3 axb5 18. Rxa8 Rxa8 19. Nd2 Bxb2 20. Bxh6 Bf6 21. f4 Bd4+ 22. Kh1 Ra1 23. Rxa1 Bxa1 24. f5 bxc4 25. fxg6 fxg6 26. Qf3 Bf6 27. Nxc4 Qa4 28. Ne3 Qa1+ 29. Nf1 Nb5 30. h4 Nd4 31. Qf2 Qd1 32. Be3 Qg4 0-1

[Event "Biella op 8th"]
[Site "Biella"]
[Date "2017.09.23"]
[Round "3"]
[White "Passerotti, Pierluigi"]
[Black "Bonassi, Tommaso"]
[Result "1-0"]
[WhiteElo "2231"]
[BlackElo "2078"]
[PlyCount "55"]
[EventDate "2017.09.22"]
[EventType "swiss"]
[EventRounds "5"]
[EventCountry "ITA"]
[SourceTitle "CBM 180 Extra"]
[Source "ChessBase"]
[SourceDate "2017.10.06"]
[SourceVersion "1"]
[SourceVersionDate "2017.10.06"]
[SourceQuality "1"]

1. d4 Nf6 2. c4 e6 3. Nc3 Bb4 4. Qc2 0-0 5. e4 d5 6. e5 Ne4 7. Bd3 c5 8. dxc5 Nc6 9. Nf3 Bxc3+ 10. bxc3 f5 11. exf6 Qxf6 12. 0-0 h6 13. Be3 Nxc3 14. Rac1 dxc4 15. Bxc4 Nd5 16. Rfe1 Nxe3 17. Rxe3 Kh8 18. Rce1 Nd4 19. Nxd4 Qxd4 20. Bb3 a5 21. Re4 Qd8 22. Bxe6 Bxe6 23. Rxe6 Rc8 24. Qb2 Qg5 25. R6e5 Qh4 26. g3 Qf6 27. R1e2 Rcd8 28. Qxb7 1-0

[Event "Florence op"]
[Site "Florence"]
[Date "2012.10.07"]
[Round "5"]
[White "Passerotti, Pierluigi"]
[Black "Sanchez, Joseph"]
[Result "0-1"]
[WhiteElo "2248"]
[BlackElo "2529"]
[PlyCount "106"]
[EventDate "2012.10.05"]
[EventType "swiss"]
[EventRounds "5"]
[EventCountry "ITA"]
[SourceTitle "CBM 150 Extra"]
[Source "ChessBase"]
[SourceDate "2012.10.19"]
[SourceVersion "1"]
[SourceVersionDate "2012.10.19"]
[SourceQuality "1"]

1. d4 d5 2. c4 e6 3. Nc3 c6 4. Nf3 Nf6 5. Bg5 Nbd7 6. e3 Qa5 7. Nd2 Bb4 8. Qc2 e5 9. dxe5 Ne4 10. Ncxe4 dxe4 11. 0-0-0 h6 12. Bh4 Qxa2 13. Nxe4 0-0 14. f4 Nb6 15. g4 Be6 16. Rg1 Nxc4 17. Bxc4 Bxc4 18. g5 h5 19. g6 Bb3 20. Nf6+ Kh8 21. Qb1 Qxb1+ 22. Kxb1 Bxd1 23. Rxd1 gxf6 24. Bxf6+ Kg8 25. g7 Rfe8 26. Rg1 Kh7 27. Rg5 Kh6 28. f5 Be7 29. Bxe7 Rxe7 30. g8Q Rxg8 31. Rxg8 Rxe5 32. Rb8 b6 33. Rb7 Kg7 34. Rxa7 Rxe3 35. Rc7 c5 36. Rc6 Re1+ 37. Ka2 Rh1 38. Rxb6 Rxh2 39. Rc6 Rc2 40. Kb1 Rc4 41. b3 Rb4 42. Kc2 h4 43. Rxc5 h3 44. Re5 h2 45. Re1 Rh4 46. Rh1 Kf6 47. Kd3 Kxf5 48. Ke3 Kg4 49. Kf2 Kh3 50. Rd1 Rf4+ 51. Ke3 Rg4 52. Kf2 Rg2+ 53. Kf3 Rg1 0-1

[Event "Pescia op-A 4th"]
[Site "Pescia"]
[Date "2011.09.18"]
[Round "4"]
[White "Efimov, Igor"]
[Black "Passerotti, Pierluigi"]
[Result "1-0"]
[WhiteElo "2430"]
[BlackElo "2252"]
[PlyCount "53"]
[EventDate "2011.09.16"]
[EventType "swiss"]
[EventRounds "5"]
[EventCountry "ITA"]
[SourceTitle "EXT 2015"]
[Source "ChessBase"]
[SourceDate "2014.11.20"]
[SourceVersion "1"]
[SourceVersionDate "2014.11.20"]
[SourceQuality "1"]

1. e4 c5 2. Nf3 d6 3. d4 cxd4 4. Qxd4 Nc6 5. Qe3 Nf6 6. c4 g6 7. Be2 Bg7 8. 0-0 0-0 9. h3 Nd7 10. Nc3 Qa5 11. Rd1 Qc5 12. Qf4 Nde5 13. Bf1 Nxf3+ 14. Qxf3 Be6 15. Nd5 Rfe8 16. Qb3 Bd4 17. Qg3 Bxd5 18. exd5 Nb4 19. a3 Nc2 20. Ra2 a5 21. b3 Be5 22. Qd3 Na1 23. Be3 Qc7 24. Raxa1 Bxa1 25. Rxa1 b6 26. a4 Rab8 27. Bd4 1-0

[Event "Montecatini Terme op"]
[Site "Montecatini Terme"]
[Date "2011.08.07"]
[Round "9"]
[White "Stromboli, Carlo"]
[Black "Passerotti, Pierluigi"]
[Result "1/2-1/2"]
[WhiteElo "2304"]
[BlackElo "2264"]
[PlyCount "86"]
[EventDate "2011.07.31"]
[EventType "swiss"]
[EventRounds "9"]
[EventCountry "ITA"]
[SourceTitle "CBM 143 Extra"]
[Source "ChessBase"]
[SourceDate "2011.08.29"]
[SourceVersion "1"]
[SourceVersionDate "2011.08.29"]
[SourceQuality "1"]

1. e4 Nc6 2. Nc3 e5 3. Nf3 Nf6 4. g3 Bc5 5. Bg2 d6 6. d3 0-0 7. Bg5 h6 8. Bd2 a6 9. h3 d5 10. 0-0 dxe4 11. Nxe4 Nxe4 12. dxe4 Be6 13. Qe2 Qd7 14. Rad1 Qc8 15. Kh2 b5 16. b3 Qb7 17. Bc3 f6 18. Rd2 b4 19. Bb2 Rad8 20. Rfd1 Qb6 21. Bf1 Bxf2 22. Rxd8 Nxd8 23. Qxa6 Qxa6 24. Bxa6 Nf7 25. Bd3 Ra8 26. Ra1 Nd6 27. c3 c5 28. Bc2 Nb5 29. cxb4 cxb4 30. Bd3 Bd4 31. Nxd4 Nxd4 32. Kg2 Kf7 33. g4 Ke7 34. Kf2 Kd6 35. Ke3 Kc5 36. Rc1+ Kb6 37. Bxd4+ exd4+ 38. Kxd4 Rxa2 39. Bc4 Bd7 40. e5 fxe5+ 41. Kxe5 Rh2 42. Rd1 Bc6 43. Rd6 Kc5 1/2-1/2

[Event "Torino 150 Italy Unity op"]
[Site "Torino"]
[Date "2011.06.05"]
[Round "8"]
[White "Passerotti, Pierluigi"]
[Black "Sanchez, Joseph"]
[Result "1/2-1/2"]
[WhiteElo "2286"]
[BlackElo "2539"]
[PlyCount "39"]
[EventDate "2011.05.31"]
[EventType "swiss"]
[EventRounds "9"]
[EventCountry "ITA"]
[SourceTitle "EXT 2014"]
[Source "ChessBase"]
[SourceDate "2013.11.20"]
[SourceVersion "1"]
[SourceVersionDate "2013.11.20"]
[SourceQuality "1"]

1. d4 Nf6 2. c4 c6 3. Nc3 d5 4. cxd5 cxd5 5. Nf3 Nc6 6. Bf4 Nh5 7. Be5 f6 8. Bg3 e5 9. e3 Nxg3 10. hxg3 Be6 11. dxe5 fxe5 12. Bb5 Qd6 13. Qa4 Rc8 14. Qxa7 Be7 15. Qa4 0-0 16. 0-0 Kh8 17. Rad1 Bf6 18. Nxd5 Bxd5 19. e4 Nd4 20. Nxd4 1/2-1/2

[Event "Torino 150 Italy Unity op"]
[Site "Torino"]
[Date "2011.06.03"]
[Round "5"]
[White "Topczewski, Damian"]
[Black "Passerotti, Pierluigi"]
[Result "0-1"]
[WhiteElo "2221"]
[BlackElo "2286"]
[PlyCount "46"]
[EventDate "2011.05.31"]
[EventType "swiss"]
[EventRounds "9"]
[EventCountry "ITA"]
[SourceTitle "EXT 2014"]
[Source "ChessBase"]
[SourceDate "2013.11.20"]
[SourceVersion "1"]
[SourceVersionDate "2013.11.20"]
[SourceQuality "1"]

1. e4 c5 2. Nf3 e6 3. b4 b6 4. bxc5 bxc5 5. d3 d5 6. Nbd2 Nf6 7. Qe2 Be7 8. g3 Nc6 9. Bg2 Nb4 10. 0-0 Nxc2 11. Rb1 Ba6 12. exd5 Nxd5 13. Nc4 Nd4 14. Nxd4 cxd4 15. Qg4 0-0 16. Qxd4 Bf6 17. Qg4 Rc8 18. Ba3 Nc3 19. Bxf8 Nxb1 20. Rxb1 Qxd3 21. Nd2 Qxd2 22. Ba3 Qxa2 23. Qb4 Be7 0-1

[Event "Torino 150 Italy Unity op"]
[Site "Torino"]
[Date "2011.06.02"]
[Round "3"]
[White "Passerotti, Pierluigi"]
[Black "Bianco, Valerio"]
[Result "1-0"]
[WhiteElo "2286"]
[BlackElo "2202"]
[PlyCount "71"]
[EventDate "2011.05.31"]
[EventType "swiss"]
[EventRounds "9"]
[EventCountry "ITA"]
[SourceTitle "EXT 2014"]
[Source "ChessBase"]
[SourceDate "2013.11.20"]
[SourceVersion "1"]
[SourceVersionDate "2013.11.20"]
[SourceQuality "1"]

1. d4 d5 2. Bf4 c5 3. e4 dxe4 4. d5 Nf6 5. Nc3 a6 6. Qe2 e6 7. 0-0-0 exd5 8. Nxd5 Nxd5 9. Qxe4+ Be7 10. Rxd5 Qa5 11. Bd6 Nc6 12. Bc4 Be6 13. Rxc5 Qa4 14. Bxe7 Nxe7 15. Qxb7 0-0 16. Qb3 Qd7 17. Bxe6 fxe6 18. Nf3 Rad8 19. a3 Qd6 20. Rc4 Nd5 21. Rd1 Rb8 22. Qd3 Rf4 23. Rxf4 Qxf4+ 24. Rd2 h6 25. Qd4 Qc7 26. Qe5 Qb6 27. c4 Nf6 28. Nd4 Re8 29. f3 Qb7 30. Kb1 Kh8 31. Rc2 Nd7 32. Qd6 e5 33. Nf5 Nf6 34. c5 Qb3 35. c6 e4 36. c7 1-0

[Event "Torino 150 Italy Unity op"]
[Site "Torino"]
[Date "2011.06.02"]
[Round "4"]
[White "Passerotti, Pierluigi"]
[Black "Ljubisavljevic, Zivojin Z"]
[Result "0-1"]
[WhiteElo "2286"]
[BlackElo "2215"]
[PlyCount "152"]
[EventDate "2011.05.31"]
[EventType "swiss"]
[EventRounds "9"]
[EventCountry "ITA"]
[SourceTitle "EXT 2014"]
[Source "ChessBase"]
[SourceDate "2013.11.20"]
[SourceVersion "1"]
[SourceVersionDate "2013.11.20"]
[SourceQuality "1"]

1. d4 g6 2. c4 Bg7 3. Nc3 c5 4. d5 Bxc3+ 5. bxc3 Qa5 6. Bd2 Nf6 7. Qb1 d6 8. e4 Nbd7 9. f4 e5 10. dxe6 fxe6 11. Bd3 e5 12. g3 Qd8 13. Nf3 Qe7 14. 0-0 exf4 15. gxf4 0-0 16. Qc2 Nh5 17. f5 Ne5 18. Nxe5 dxe5 19. Bh6 Rd8 20. Be2 Nf4 21. Kh1 Bd7 22. Bxf4 exf4 23. fxg6 hxg6 24. Rxf4 Rf8 25. Raf1 Rxf4 26. Rxf4 Bc6 27. Bf3 Kg7 28. Qg2 Rd8 29. h3 Qe5 30. Rg4 Rd6 31. Qc2 Qh5 32. Qg2 Rf6 33. Qg3 Qh6 34. Qc7+ Rf7 35. Qe5+ Kh7 36. Qg3 Qc1+ 37. Kh2 Qxc3 38. Bg2 Qxg3+ 39. Kxg3 Rd7 40. Kf4 Rd4 41. Ke5 Kg7 42. h4 Kf7 43. Bf3 Rxc4 44. Kd6 Rc3 45. Rf4+ Kg7 46. h5 c4 47. hxg6 Rd3+ 48. Ke7 c3 49. Bh5 Rd7+ 50. Ke6 c2 51. Rf1 Rd8 52. e5 Rh8 53. Be2 Re8+ 54. Kd6 Rd8+ 55. Kc7 Rd2 56. Bh5 Rd7+ 57. Kb8 Re7 58. Rc1 Rxe5 59. Rxc2 Rxh5 60. Kxa7 Kxg6 61. Kb8 Kf6 62. Re2 Rh4 63. Kc7 Ra4 64. Kd6 Rd4+ 65. Kc5 Ra4 66. Kd6 Kf5 67. Rh2 Ra6 68. Kc5 Ke4 69. Rb2 Kd3 70. Rh2 Kc3 71. Re2 Ra5+ 72. Kb6 Rb5+ 73. Kc7 Rb1 74. Rh2 Kb4 75. Rh3 Rb2 76. Kb6 Ka4+ 0-1

[Event "Torino 150 Italy Unity op"]
[Site "Torino"]
[Date "2011.06.01"]
[Round "2"]
[White "Angelini, Marco"]
[Black "Passerotti, Pierluigi"]
[Result "1/2-1/2"]
[WhiteElo "2180"]
[BlackElo "2286"]
[PlyCount "83"]
[EventDate "2011.05.31"]
[EventType "swiss"]
[EventRounds "9"]
[EventCountry "ITA"]
[SourceTitle "EXT 2014"]
[Source "ChessBase"]
[SourceDate "2013.11.20"]
[SourceVersion "1"]
[SourceVersionDate "2013.11.20"]
[SourceQuality "1"]

1. e4 c5 2. Nf3 e6 3. d4 cxd4 4. Nxd4 a6 5. Bd3 Nc6 6. Nb3 Nf6 7. Qe2 d6 8. 0-0 Be7 9. Nc3 b5 10. a3 0-0 11. f4 Qc7 12. Kh1 Re8 13. Bd2 Bb7 14. Rae1 b4 15. axb4 Nxb4 16. Nb5 axb5 17. Bxb4 Qb6 18. c3 Reb8 19. Nd4 Ra4 20. Qf2 Bc6 21. e5 Ng4 22. Qe2 Rxb4 23. Nxc6 Qxc6 24. cxb4 Nh6 25. Rc1 Qb6 26. exd6 Bxd6 27. Qe4 g6 28. Rc6 Qd8 29. Qd4 Bxb4 30. Qxd8+ Rxd8 31. Bxb5 Rd2 32. b3 Nf5 33. Rc4 Bd6 34. Re4 h5 35. Re2 Rd4 36. g3 h4 37. Kg2 hxg3 38. hxg3 g5 39. Bc4 gxf4 40. gxf4 Bxf4 41. Rxf4 Rxf4 42. Bxe6 1/2-1/2

[Event "Nichelino op 11th"]
[Site "Nichelino"]
[Date "2010.10.02"]
[Round "3"]
[White "Moncelli, Giorgio"]
[Black "Passerotti, Pierluigi"]
[Result "1/2-1/2"]
[WhiteElo "2089"]
[BlackElo "2268"]
[PlyCount "57"]
[EventDate "2010.09.30"]
[EventType "swiss"]
[EventRounds "6"]
[EventCountry "ITA"]
[SourceTitle "EXT 2024"]
[Source "ChessBase"]
[SourceDate "2023.10.10"]
[SourceVersion "1"]
[SourceVersionDate "2023.10.10"]
[SourceQuality "1"]

1. c4 c5 2. Nf3 Nf6 3. g3 e6 4. Bg2 d5 5. cxd5 exd5 6. d4 Nc6 7. Nc3 Be7 8. 0-0 0-0 9. dxc5 Bxc5 10. Bg5 d4 11. Bxf6 Qxf6 12. Nd5 Qd8 13. Nd2 a6 14. Nb3 Ba7 15. Rc1 Re8 16. Nf4 Qf6 17. Nc5 Bxc5 18. Rxc5 Bd7 19. Qc2 Rab8 20. Rd1 g6 21. Be4 Rbd8 22. a3 Re5 23. b4 Be8 24. Bg2 Rd6 25. Nd3 Rxc5 26. Nxc5 Qe7 27. Qd2 h5 28. h4 Rd8 29. Bf3 1/2-1/2

[Event "Nichelino op 11th"]
[Site "Nichelino"]
[Date "2010.10.01"]
[Round "2"]
[White "Passerotti, Pierluigi"]
[Black "Zunino, Davide"]
[Result "1-0"]
[WhiteElo "2268"]
[BlackElo "2001"]
[PlyCount "111"]
[EventDate "2010.09.30"]
[EventType "swiss"]
[EventRounds "6"]
[EventCountry "ITA"]
[SourceTitle "EXT 2024"]
[Source "ChessBase"]
[SourceDate "2023.10.10"]
[SourceVersion "1"]
[SourceVersionDate "2023.10.10"]
[SourceQuality "1"]

1. d4 f5 2. Nc3 Nf6 3. Bg5 d5 4. Bxf6 exf6 5. e3 c6 6. Bd3 Na6 7. Qf3 g6 8. a3 Nc7 9. h4 h5 10. Nh3 Be6 11. Nf4 Bf7 12. Qd1 Qd7 13. Nce2 Bd6 14. c3 0-0-0 15. Qc2 Rhg8 16. 0-0-0 Kb8 17. g4 fxg4 18. Nxg6 Ne6 19. Ng3 Qe8 20. Nxh5 Bxg6 21. Nxf6 Bxd3 22. Qxd3 Qe7 23. Nxg8 Rxg8 24. Rhg1 Qf7 25. Qe2 Qh5 26. Rg2 a6 27. Rdg1 Qxh4 28. Rxg4 Rxg4 29. Rxg4 Qe7 30. Rg8+ Ka7 31. Qh5 Nc7 32. Qg6 a5 33. Rg7 Qd8 34. Kb1 Kb6 35. f4 Qf8 36. Ka2 a4 37. f5 Qh8 38. Rh7 Qf8 39. f6 Nb5 40. Qg7 Qc8 41. Qd7 Qb8 42. f7 Qf8 43. Qe8 Bxa3 44. Qxf8 Bxf8 45. Rh8 Bd6 46. Rd8 Be7 47. Re8 Bd6 48. f8Q Bxf8 49. Rxf8 a3 50. Rf6 axb2 51. Kxb2 Kc7 52. Rf7+ Kb6 53. Rd7 Nc7 54. Kb3 Ne6 55. c4 dxc4+ 56. Kxc4 1-0

[Event "Nichelino op 11th"]
[Site "Nichelino"]
[Date "2010.09.30"]
[Round "1"]
[White "Picarella, Marco"]
[Black "Passerotti, Pierluigi"]
[Result "0-1"]
[WhiteElo "1892"]
[BlackElo "2268"]
[PlyCount "94"]
[EventDate "2010.09.30"]
[EventType "swiss"]
[EventRounds "6"]
[EventCountry "ITA"]
[SourceTitle "EXT 2024"]
[Source "ChessBase"]
[SourceDate "2023.10.10"]
[SourceVersion "1"]
[SourceVersionDate "2023.10.10"]
[SourceQuality "1"]

1. d4 f5 2. c4 Nf6 3. Nf3 g6 4. g3 Bg7 5. Bg2 0-0 6. 0-0 d6 7. Nc3 c6 8. Qb3 Na6 9. Re1 Ne4 10. e3 Qb6 11. Qxb6 axb6 12. Nd2 Nxd2 13. Bxd2 Nb4 14. Red1 e5 15. d5 e4 16. a3 Nd3 17. Rab1 Bd7 18. Bf1 Ne5 19. Be2 Rfd8 20. Be1 Be8 21. Kg2 Bf6 22. a4 Kf7 23. b3 Ke7 24. b4 Bf7 25. a5 bxa5 26. bxa5 Ra7 27. Na4 Nd7 28. f3 cxd5 29. cxd5 exf3+ 30. Bxf3 Rc8 31. Rdc1 Rxc1 32. Rxc1 b5 33. Nb6 Nxb6 34. axb6 Rb7 35. Ba5 Be8 36. Be2 b4 37. Ba6 Rb8 38. Rb1 Bc3 39. b7 Bf7 40. Bc7 Bxd5+ 41. Kf2 Bxb7 42. Bxb8 Bxa6 43. Ba7 Bd3 44. Rc1 Ke6 45. Bd4 Bxd4 46. exd4 b3 47. Rc3 b2 0-1

[Event "ITA-ch sf 70th"]
[Site "Torino"]
[Date "2010.06.24"]
[Round "5"]
[White "Finocchiaro, Gianluca"]
[Black "Passerotti, Pierluigi"]
[Result "1/2-1/2"]
[WhiteElo "2087"]
[BlackElo "2258"]
[PlyCount "79"]
[EventDate "2010.06.20"]
[EventType "swiss"]
[EventRounds "9"]
[EventCountry "ITA"]
[SourceTitle "CBM 137 Extra"]
[Source "ChessBase"]
[SourceDate "2010.09.01"]
[SourceVersion "1"]
[SourceVersionDate "2010.09.01"]
[SourceQuality "1"]

1. e4 e5 2. Nf3 Nc6 3. d4 exd4 4. Nxd4 Bc5 5. Be3 Qf6 6. Nb5 Bxe3 7. fxe3 Qh4+ 8. g3 Qxe4 9. Nxc7+ Kd8 10. Nxa8 Qxh1 11. Qd6 Nf6 12. Nd2 Qd5 13. Qc7+ Ke7 14. 0-0-0 Ne8 15. Qxc8 Nb4 16. Bc4 Qc6 17. Qb8 b5 18. Qxb5 Qxb5 19. Bxb5 Nd6 20. Nc7 Rc8 21. Ne4 Nxe4 22. Rxd7+ Kf6 23. Bc4 Nc6 24. Nd5+ Kg5 25. Ba6 Rd8 26. Rxd8 Nxd8 27. Bd3 Nf2 28. Kd2 Kg4 29. b4 Kh3 30. b5 Kxh2 31. Bxh7 g6 32. Ke2 Kxg3 33. Ne7 Ne4 34. Nc6 Nb7 35. Bg8 Nc3+ 36. Kd3 Nxb5 37. Bxf7 g5 38. Nd4 N5d6 39. Bh5 Nc5+ 40. Ke2 1/2-1/2

[Event "ITA-ch sf 70th"]
[Site "Torino"]
[Date "2010.06.24"]
[Round "6"]
[White "Passerotti, Pierluigi"]
[Black "La Manna, Andrea"]
[Result "1-0"]
[WhiteElo "2258"]
[BlackElo "2229"]
[PlyCount "41"]
[EventDate "2010.06.20"]
[EventType "swiss"]
[EventRounds "9"]
[EventCountry "ITA"]
[SourceTitle "CBM 137 Extra"]
[Source "ChessBase"]
[SourceDate "2010.09.01"]
[SourceVersion "1"]
[SourceVersionDate "2010.09.01"]
[SourceQuality "1"]

1. d4 f5 2. Bg5 g6 3. e3 Bg7 4. Nd2 d6 5. Bc4 Nc6 6. c3 h6 7. Bh4 Nf6 8. a3 e6 9. f3 Qe7 10. Ne2 Bd7 11. Qc2 0-0 12. h3 d5 13. Ba2 g5 14. Bf2 Kh8 15. g4 fxg4 16. hxg4 Qf7 17. Bg3 Rac8 18. 0-0-0 Qg8 19. Bb1 Ne7 20. Rh2 b6 21. Be5 1-0

[Event "ITA-ch sf 70th"]
[Site "Torino"]
[Date "2010.06.23"]
[Round "4"]
[White "Passerotti, Pierluigi"]
[Black "Bianco, Valerio"]
[Result "1/2-1/2"]
[WhiteElo "2258"]
[BlackElo "2210"]
[PlyCount "106"]
[EventDate "2010.06.20"]
[EventType "swiss"]
[EventRounds "9"]
[EventCountry "ITA"]
[SourceTitle "CBM 137 Extra"]
[Source "ChessBase"]
[SourceDate "2010.09.01"]
[SourceVersion "1"]
[SourceVersionDate "2010.09.01"]
[SourceQuality "1"]

1. d4 d5 2. c4 c6 3. Nf3 Nf6 4. Qb3 e6 5. Bf4 Nbd7 6. e3 Ne4 7. Bd3 g5 8. cxd5 cxd5 9. Bg3 h5 10. Bxe4 dxe4 11. Nfd2 h4 12. Be5 Nxe5 13. dxe5 Bg7 14. Nxe4 0-0 15. f4 gxf4 16. exf4 Qd4 17. Nbd2 Bd7 18. Qc3 Qd5 19. 0-0 Rac8 20. Qh3 Bc6 21. Rf2 f6 22. exf6 Bxf6 23. Qg4+ Bg7 24. Ng5 Rf6 25. Ndf3 Rh6 26. Re1 Qf5 27. Qxf5 exf5 28. Ne5 Rd6 29. Ngf3 Bf6 30. Nxc6 Rdxc6 31. Ne5 Rc2 32. Rfe2 Bxe5 33. fxe5 Kf7 34. e6+ Ke7 35. Kf2 R8c6 36. Kf3 Rxe2 37. Rxe2 Rxe6 38. Rc2 Kf6 39. b3 Re4 40. Rc7 Rb4 41. Rc4 Rxc4 42. bxc4 Ke5 43. g3 hxg3 44. Kxg3 Ke4 45. Kf2 Kf4 46. a4 b6 47. Ke2 Ke4 48. Kf2 Kf4 49. h3 a5 50. Kg2 Ke3 51. h4 Ke2 52. Kg3 Ke3 53. Kg2 Ke2 1/2-1/2

[Event "Bisaccia op 2nd"]
[Site "Bisaccia"]
[Date "2010.06.02"]
[Round "7"]
[White "Minikh, Eduard"]
[Black "Passerotti, Pierluigi"]
[Result "0-1"]
[WhiteElo "2041"]
[BlackElo "2258"]
[PlyCount "66"]
[EventDate "2010.05.29"]
[EventType "swiss"]
[EventRounds "7"]
[EventCountry "ITA"]
[SourceTitle "EXT 2024"]
[Source "ChessBase"]
[SourceDate "2023.10.10"]
[SourceVersion "1"]
[SourceVersionDate "2023.10.10"]
[SourceQuality "1"]

1. d4 f5 2. Nf3 Nf6 3. g3 e6 4. Bg2 d5 5. c4 c6 6. 0-0 Bd6 7. b3 Qe7 8. Bb2 0-0 9. Nbd2 b6 10. Qc2 g6 11. Ne5 Bb7 12. Ndf3 Na6 13. a3 Rac8 14. b4 c5 15. dxc5 bxc5 16. b5 Nb8 17. a4 d4 18. Nd3 e5 19. Nfe1 e4 20. Nc1 Nbd7 21. Nb3 Ne5 22. Na5 Ba8 23. Bc1 Qc7 24. Bd2 Nfg4 25. Ra3 e3 26. Bxa8 Rxa8 27. fxe3 dxe3 28. Bc3 Nxh2 29. Kxh2 Ng4+ 30. Kg2 Bxg3 31. Nc6 Bf2 32. Rh1 Qg3+ 33. Kf1 Nh2+ 0-1

[Event "Frascati Santa Cecilia op 2nd"]
[Site "Frascati"]
[Date "2009.11.20"]
[Round "1"]
[White "Pitrelli, Antonio"]
[Black "Passerotti, Pierluigi"]
[Result "0-1"]
[WhiteElo "1890"]
[BlackElo "2266"]
[PlyCount "70"]
[EventDate "2009.11.20"]
[EventType "swiss"]
[EventRounds "5"]
[EventCountry "ITA"]
[SourceTitle "EXT 2012"]
[Source "ChessBase"]
[SourceDate "2011.11.24"]
[SourceVersion "1"]
[SourceVersionDate "2011.11.24"]
[SourceQuality "1"]

1. d4 f5 2. Bg5 h6 3. Bh4 g5 4. Bg3 Bg7 5. e3 d6 6. Qh5+ Kf8 7. Bd3 Nf6 8. Qe2 Nc6 9. c3 e5 10. f3 Qe7 11. Nd2 Bd7 12. 0-0-0 Re8 13. Re1 exd4 14. exd4 Qf7 15. Qd1 Qxa2 16. Rxe8+ Kxe8 17. Qc2 f4 18. Bf2 Na5 19. b4 Qa1+ 20. Nb1 Nc6 21. h4 Ne7 22. Nh3 Kd8 23. Re1 Bxh3 24. gxh3 Nfd5 25. Qb3 a5 26. b5 a4 27. Qc4 a3 28. Re2 Nb6 29. Qe6 Ned5 30. c4 Nc3 31. Qe7+ Kc8 32. Bf5+ Kb8 33. Rd2 a2 34. Rxa2 Nxa2+ 35. Kc2 Bxd4 0-1